El estallido de las formas: Chile en los albores de la cultura de masas
Saved in:
| Main Authors: | , , , |
|---|---|
| Format: | Bog |
| Sprog: | spansk |
| Udgivet: |
Santiago
Lom
2005
|
| Udgivelse: | 1a. ed |
| Serier: | Ciencias Sociales
|
| Fag: | |
| Tags: |
Tilføj Tag
Ingen Tags, Vær først til at tagge denne postø!
|
MARC
| LEADER | 00000nam a2200000 a 4500 | ||
|---|---|---|---|
| 001 | UCH2083 | ||
| 003 | CL-VaPUC | ||
| 008 | 090528e20050000CL |||||||||||||||||spa|d | ||
| 020 | |a 956282778X | ||
| 082 | 0 | 4 | |a 302.23 |b OSS |2 21 |
| 100 | |a Ossandón Buljevic, Carlos |e autor |9 538292 | ||
| 700 | 0 | |a Santa Cruz A., Eduardo |e author |9 536727 | |
| 700 | 0 | |a Avila Fernández, Pabla |e author |9 536728 | |
| 700 | 0 | |a Santa Cruz Grau, Luis E |e author |9 536729 | |
| 245 | 1 | 3 | |a El estallido de las formas: Chile en los albores de la cultura de masas |
| 250 | |a 1a. ed | ||
| 300 | |a 303 p | ||
| 942 | |c BK | ||
| 945 | |d 20090528 00:00:00 |a rbrito | ||
| 260 | |a Santiago |b Lom |c 2005 | ||
| 650 | 0 | |a Medios de comunicación de masas |9 257273 | |
| 650 | 7 | |a COMUNICACION DE MASAS |2 CL-VaPUC |9 334823 | |
| 650 | 7 | |a PUB LICACIONES PERIODICAS |2 CL-VaPUC |9 536730 | |
| 650 | 0 | |a Diarios |9 420844 | |
| 583 | |a last modification |c 20090528 00:00:00 |k Rodrigo Vera | ||
| 490 | 0 | |a Ciencias Sociales | |
| 999 | |c 333918 |d 333916 | ||
| 952 | |0 0 |1 0 |4 0 |6 302_230000000000000_OSS_2005 |7 0 |8 A |9 422584 |a FDOPOS |b FDOPOS |d 2019-11-22 |i 4552881 |o 302.23 OSS 2005 |p 4552881 |r 2025-01-22 |w 2019-11-22 |y BK |k DLH | ||
| 952 | |0 0 |1 0 |4 0 |6 302_230000000000000_OSS_2005 |7 0 |8 A |9 422585 |a FDOPOS |b FDOPOS |d 2019-11-22 |i 4589866 |o 302.23 OSS 2005 |p 4589866 |r 2025-01-22 |w 2019-11-22 |y BK |k DLH | ||